Économie rurale

Uložené v:
Podrobná bibliografia
Médium: Seriál
Jazyk:French
Vydavateľské údaje: Versailles Société Francaise Économie Rurale 1978
Predmet:
Tagy: Pridať tag
Žiadne tagy, Buďte prvý, kto otaguje tento záznam!

MARC

LEADER 00000nas2a2200000 4500
001 0011981
005 20250730114306.2
022 |a 0013-0559 
041 0 |a fre 
044 |a FR 
245 1 0 |a Économie rurale 
264 1 |a Versailles  |b Société Francaise Économie Rurale  |c 1978 
300 |a 1 zv. 
773 0 |w eu_un_cat*s120685 
610 2 0 |a poľnohospodárstvo 
610 2 0 |a politika poľnohospodárska